02248cam a2200421 i 450000100090000000300050000900500170001400800410003101000170007202000290008902000260011802500260014403500240017003500210019403700530021504000320026804200210030004300120032105000250033308200170035824500960037526400750047130000640054633600260061033700280063633800270066450506130069160000500130465100640135470000570141870000420147571000440151771000440156190600450160594200260165099900190167695201310169518980619NUST20230210143235.0160217s2016 ii b 001 0 eng d a 2015515240 a9788182748736 (hardback) a8182748739 (hardback) aI-E-2015515240; 63-92 a(OCoLC)ocn939550235 a(OCoLC)939550235 bLibrary of Congress -- New Delhi Overseas Office aDKAGEbengerdacDKAGEdDLC alccopycatalcode aa-ii---00aDS480.853b.M63 2016 a954.0532,MOD00aModi's foreign policy : bchallenges and opportunities / ceditors, N.N. Jha, Sudhir Singh. 1aNew Delhi :bIndian Council of World Affairs :bPentagon Press,c2016. axxvi, 350 pages :billustrations (black and white) ;c24 cm atextbtxt2rdacontent aunmediatedbn2rdamedia avolumebnc2rdacarrier aIndia's foreign policy towards Nepal (Page-1), Transition from 'Look east' to 'Act east' (Page-11), A new foreign policy agenda for Modi (Page-22), Modi's foreign policy (Page-35), Indo - Iran relationship (Page-47), India - Bangladesh Betrayal agreements (Page-59), Indo - African relations (Page-68), Russia in Asia - Pacific (Page-75), Modi's government's Afghan policy (Page-88), Narendra Modi (Page-124), Great Game i Central Asia (Page-184), India and Australia (Page-200), Indo-Pak relations (Page-284), India-Singapore Bilateral relations (Page-295), Contemporary Indo-Bhutanese relations (Page-336).10aModì„, Narendra,d1950-vCongresses.9108858 0aIndiaxForeign relationsy21st centuryvCongresses.91088591 aJha, N. N.q(Nagendra Nath),d1935-eeditor.91088601 aSingh, Sudhir Kumar,eeditor.91088612 aSociety for Social Empowerment.91088622 aIndian Council of World Affairs.999438 a7bcbcccopycatd3encipf20gy-gencatlg 2ddccBKk954.0532,MOD c593205d593205 00102ddc4070aMCSbMCScGENd2023-02-10l0o954.0532,MODpMCS37532r2023-02-10w2023-02-10yBKzAlmirah No. 61, Shelf No. 5